000
00339nam a2200145Ia 4500
008
150301s2015 xx 000 0 und d
082
_a
574
_b
I01T
100
_a
TWYMAN, R.M
245
_a
INSTANT NATES DEVELOPMENTAL BIOLOGY
250
_a
1ST
260
_b
VIVA BOOKS DELHI
300
_a
451
650
_a
PHARMACEUTICS
942
_2
ddc
_c
BK
999
_c
7369
_d
7369